Rules and regulations for the measurement of brick work in Glasgow and neighbourhood (Record no. 122185)

MARC details
000 -LEADER
fixed length control field 00730nam a22001937a 4500
008 - FIXED-LENGTH DATA ELEMENTS--GENERAL INFORMATION
fixed length control field 250626s1894 xxk||||| |||| 00| 0 eng d
041 ## - LANGUAGE CODE
Language code of text/sound track or separate title eng
240 ## - UNIFORM TITLE
Uniform title <a href="Glasgow mode of measurement 1894">Glasgow mode of measurement 1894</a>
245 ## - TITLE STATEMENT
Title Rules and regulations for the measurement of brick work in Glasgow and neighbourhood
260 ## - PUBLICATION INFORMATION
Place of publication Glasgow,
Publisher Strathern & Freeman,
Date 1894
300 ## - PHYSICAL DESCRIPTION
Physical description 21cm, 4p.
Other physical details pamphlet
500 ## - GENERAL NOTE
General note Donated by Mr John M Calder
505 ## - CONTENTS
Contents Cover title is brickwork. Collaborative title by the Glasgow Institute of Architects, the Glasgow Institute of Measurers and the Glasgow Master Brickbuilders' Association
650 ## - KEYWORDS
Keywords BRICKS
650 ## - KEYWORDS
Keywords MEASUREMENT
651 ## - SUBJECT ADDED ENTRY--GEOGRAPHIC NAME
Geographic name Scotland
690 ## - BROAD SUBJECT
Broad subject Measurement
9 (RLIN) 6256
942 ## - ADDED ENTRY ELEMENTS (KOHA)
Suppress in OPAC Do not suppress in OPAC
Holdings
Lost status Damaged status Not for loan Home library Current library Shelving location Date acquired Source of acquisition Total Checkouts Full call number Date last seen Price effective from Koha item type
      Archives Archives Archive copy 26/06/2025 Donation   SMM 1894 26/06/2025 26/06/2025 Book